| 000 | 01061nam a2200265Ia 4500 | ||
|---|---|---|---|
| 001 | 18088 | ||
| 003 | GE_BSU | ||
| 008 | 181216s||||||||xx |||||||||||||| ||und|| | ||
| 040 | _cGE_BSU | ||
| 080 | _a81(045) | ||
| 100 | _aგამყრელიძე, თამაზ | ||
| 245 | _aენა და ენობრივი ნიშანი = Language & the linguistic sign | ||
| 245 | _bსტატიების კრებული | ||
| 245 | _cრედ. ეთერ სოსელია, თანარედ. ნოდარ გიოშვილი | ||
| 250 | _aსაქ. მეცნ. ეროვნ. აკად. | ||
| 260 | _aთბილისი | ||
| 260 | _bსაქ. მეცნ. ეროვნ. აკად | ||
| 260 | _c2008 | ||
| 300 | _a207გვ. : ფოტ. ; 24სმ | ||
| 520 | _aბიბლიოგრ. ტექსტ. შენიშვნ. | ||
| 541 | _h10ლ. | ||
| 653 | _aენა და ენობრივი ნიშანი | ||
| 653 | _aქართული ენა | ||
| 942 | _cBK | ||
| 999 |
_c51131 _d51131 |
||